All 10k+ cities in South Carolina on a Map - Statistics

General Stats
  • This quiz has been taken 125 times
  • The average score is 22 of 41
Answers on the Map
Answers color-coded by a green-red scale on the quiz's map according to % correct below.
 
Answer Stats
City Population % Correct
Charleston 150,227
98%
Columbia 136,632
95%
Greenville 70,720
92%
Myrtle Beach 35,682
92%
North Charleston 114,852
92%
Mount Pleasant 90,801
81%
Spartanburg 38,732
79%
Hilton Head Island 37,661
77%
Rock Hill 74,372
76%
Sumter 43,463
71%
Florence 39,899
68%
Beaufort 13,607
65%
Summerville 50,915
63%
Anderson 28,106
61%
Clemson 17,681
61%
Conway 24,809
60%
Aiken 32,025
58%
North Myrtle Beach 18,790
58%
Goose Creek 45,946
55%
Lexington 23,568
50%
North Augusta 24,379
50%
Orangeburg 13,240
50%
Fort Mill 24,521
48%
Greer 35,308
47%
Mauldin 24,724
45%
West Columbia 17,416
45%
Greenwood 22,545
42%
Bluffton 27,716
40%
Newberry 10,691
40%
Simpsonville 23,354
40%
Irmo 11,569
39%
Moncks Corner 13,297
37%
Cayce 13,781
34%
Gaffney 12,764
34%
Hanahan 20,325
34%
Easley 22,921
32%
Fountain Inn 10,416
29%
James Island 11,621
29%
Port Royal 14,220
24%
Tega Cay 12,832
24%
Forest Acres 10,617
23%
No matching quizzes found
Score Distribution
Percent of People with Each Score
Percentile by Number Answered
Your Score History
You have not taken this quiz